'A' Level Law : (Record no. 619878)

MARC details
000 -LEADER
fixed length control field 00473nam a2200181 a 4500
008 - FIXED-LENGTH DATA ELEMENTS--GENERAL INFORMATION
fixed length control field 260424s2002##################000#0#eng##
020 ## - INTERNATIONAL STANDARD BOOK NUMBER
ISBN 9780406924056
082 04 - DEWEY DECIMAL CLASSIFICATION NUMBER
Classification number 344.2DUG
100 1# - MAIN ENTRY--AUTHOR NAME
Personal name Dugdale, Tony,
245 10 - TITLE STATEMENT
Title 'A' Level Law :
260 ## - PUBLICATION, DISTRIBUTION, ETC. (IMPRINT)
Name of publisher Oxford University Press, USA,
Year of publication 2002.
650 #0 - SUBJECT ADDED ENTRY--TOPICAL TERM
Topical Term Bar examinations.
942 ## - ADDED ENTRY ELEMENTS (KOHA)
Koha item type English Books
Holdings
Withdrawn status Lost status Damaged status Not for loan Home library Current library Date acquired Full call number Accession Number Price effective from Koha item type
        Anna Centenary Library Anna Centenary Library 24.04.2026 344.2DUG 142433 24.04.2026 English Books

Find us on the map